000 00271nam a22000977a 4500
999 _c508312
_d508312
082 _aQ93x5413 B489
100 _aBihar. Jail Reforms Committee, 1948
_93560
245 _aReport of the Bihar Jail Reforms Committee
260 _aPatna
_bGovernment Press
_c1949
300 _a88p.